|
|
|
|
| LEADER |
01002nam a22002774a 4500 |
| 001 |
27636 |
| 003 |
BD-DhAAL |
| 005 |
20150208121817.0 |
| 008 |
130930s2001 enka b 001 0 eng |
| 010 |
|
|
|a 2001018540
|
| 020 |
|
|
|a 0198520549
|
| 020 |
|
|
|a 0198508298 (pbk.)
|
| 040 |
|
|
|a DLC
|c DLC
|d DLC
|d Bd-DhAAL
|
| 050 |
0 |
0 |
|a QC787.P3
|b W57 2001
|
| 082 |
0 |
0 |
|a 539.7/3
|2 21
|
| 999 |
|
|
|c 14041
|d 14041
|
| 999 |
|
|
|c 14041
|
| 100 |
1 |
|
|a Wilson, E. J. N.
|q (Edward J. N.)
|9 3346
|
| 245 |
1 |
3 |
|a An introduction to particle accelerators /
|c E.J.N. Wilson.
|
| 260 |
|
|
|a Oxford ;
|a New York :
|b Oxford University Press,
|c 2001.
|
| 300 |
|
|
|a xiv, 252 p. :
|b ill. ;
|c 24 cm.
|
| 504 |
|
|
|a Includes bibliographical references (p. [242]-248) and index.
|
| 541 |
|
|
|e 27636
|
| 650 |
|
0 |
|a Particle accelerators.
|9 3347
|
| 942 |
|
|
|2 ddc
|c BK
|
| 952 |
|
|
|0 0
|1 0
|2 ddc
|4 0
|6 539_730000000000000_WIL
|7 0
|9 23541
|a BRACUL
|b BRACUL
|c GEN
|d 2013-09-30
|e Trim Education
|g 6475.00
|l 1
|m 20
|o 539.73 WIL
|p 3010027636
|r 2025-12-09
|s 2017-09-21
|t 1
|w 2013-09-30
|y BK
|